Cerebro y adolescencia: implicancias jurídico-penales (Registro nro. 7518)

Detalles MARC
000 -Cabecera
Campo de control de longitud fija 00757nam a22002897a 4500
005 - Fecha y hora de la última transacción
Campo de control 20250613184015.0
008 - Elementos de longitud fija--Información general
Campo de control de longitud fija 160126b2012 xxu||||| |||| 00| | spa d
020 ## - International Standard Book Number
Número Internacional Estándar del Libro (ISBN) 9789508948793
041 ## - Idioma
Código de idioma Español
082 ## - Clasificación Decimal Dewey
Número de clasificación 614.15 M556c
100 ## - Entrada principal--Autor personal
Nombre personal Mercurio, Ezequiel N.
9 (RLIN) 2252
245 ## - Título propiamente dicho
Título Cerebro y adolescencia: implicancias jurídico-penales
260 ## - Pie de imprenta
Lugar de publicación, distribución, etc. Argentina
260 ## - Pie de imprenta
Nombre del editor, distribuidor, etc. AD-HOC
260 ## - Pie de imprenta
Fecha de publicación, distribución, etc. 2012
300 ## - Descripción física
Extensión 110 páginas
490 ## - Serie
Título de la Serie Investigación Criminal
650 ## - Materia general
Temática (materia general) PSIQUIATRÍA FORENSE
650 ## - Materia general
Temática (materia general) MEDICINA LEGAL
650 ## - Materia general
Temática (materia general) DERECHO PENAL
650 ## - Materia general
Temática (materia general) DELITO JUVENIL
650 ## - Materia general
Temática (materia general) VIOLENCIA JUVENIL
650 ## - Materia general
Temática (materia general) DESARROLLO CEREBRAL
650 ## - Materia general
Temática (materia general) INMADUREZ CEREBRAL
650 ## - Materia general
Temática (materia general) PENA DE MUERTE
942 ## - Punto de acceso adicional KOHA
Tipo de ítem KOHA Libro
Fuente del sistema de clasificación o colocación Dewey Decimal Classification
Existencias
Signatura completa Código de barras Programa Académico Tipo de ítem
614.15 M556c 19771 Investigación Criminal Libro
614.15 M556c 22398 Investigación Criminal Libro